Riconosci il Pokémon - Quiz n°841 - Statistics

Statistiche generali
  • Questo quiz è stato fatto 2 volte
  • Il punteggio medio è 3 su 10
Statistiche sulle risposte
Indizio Risposta % Corretto
Tipo Buio / Volante
100%
Generazione Nona
100%
Altezza 1,3 m
50%
Stadio evoluzione Non si evolve
50%
Peso 111,0 kg
0%
Tasso di cattura 30 (8.8%)
0%
Abilità Carica Quark
0%
Pokémon Colloferreo
0%
Tasso di allevamento Lento
0%
Sesso Sconosciuto
0%
Nessun quiz corrispondente trovato
Distribuzione punteggi
Percentuale di utenti per punteggio
Percentile per numero di risposta
I tuoi punteggi nel tempo
Non hai fatto questo quiz